Digital control system analysis & design / (رقم التسجيلة. 37755)

تفاصيل مارك
000 -الفاتح
حقل البيانات ثابتة الطول 01148cam a22003134i 4500
001 - رقم الضبط
رقم الضبط 17985177
003 - محدد رقم الضبط
رقم الضبط OSt
005 - وقت وتاريخ اخر تعامل مع التسجيلة
رقم الضبط 20150728233018.0
008 - عناصر البيانات ثابتة الطول - معلومات عامة
حقل البيانات ثابتة الطول 131230s2015 maua b 001 0 eng
010 ## - رقم ضبط مكتبة الكونجرس
رقم ضبط مكتبة الكونجرس 2013044184
020 ## - الرقم الدولى المعيارى للكتب
الرقم الدولى المعيارى للكتاب 9781292061221
040 ## - مصدر الفهرسة
وكالة الفهرسة الأصلية DLC
لغة الفهرسة eng
وكالة النسخ DLC
قواعد الوصف rda
وكالة التعديل DLC
042 ## - رمز التحقق
رمز التحقق pcc
082 00 - رقم تصنيف ديوى العشرى
رقم التصنيف 629.895
رقم المادة PCD
رقم الطبعة 23
100 1# - المدخل الرئيسى - إسم شخصى
الإسم الشخصى Phillips, Charles L.
9 (RLIN) 49666
245 10 - بيان العنوان
العنوان Digital control system analysis & design /
بيان المسئوليه,etc Charles L. Phillips, H. Troy Nagle, Aranya Chakrabortty.
246 3# - العنوان الموازى
عنوان صحيح/عنوان مختصر Digital control system analysis and design
250 ## - بيان الطبعة
بيان الطبعة 4th ed., Global ed.
260 ## - PUBLICATION, DISTRIBUTION, ETC. (IMPRINT)
مكان الناشر او الموزع Harlow, Essex, England :
اسم الناشر او الموزع Pearson Education Limited,
تاريخ النشر أو التوزيع 2015.
300 ## - الوصف المادى
التعداد x, 528 p. :
تفاصيل ماديه اخرى للوعاء ill. ;
أبعاد الوعاء 24 cm
504 ## - تبصرة ببليوجرافية
تبصرة ببليوجرافية,الخ Includes bibliographical references and index.
630 00 - المدخل الاضافى بالموضوع - عنوان موحد
عنوان موحد MATLAB.
9 (RLIN) 49667
650 #0 - المدخل الاضافى بالموضوع-مصطلح موضوعى
مصطلح موضوعي أو اسم جغرافي كعنصر مدخل Digital control systems.
9 (RLIN) 49668
650 #0 - المدخل الاضافى بالموضوع-مصطلح موضوعى
مصطلح موضوعي أو اسم جغرافي كعنصر مدخل Electric filters, Digital.
9 (RLIN) 49669
700 1# - المدخل الاضافى - اسم شخصى
الإسم الشخصى Nagle, H. Troy,
التواريخ المصاحبة للاسم 1942-
9 (RLIN) 49670
700 1# - المدخل الاضافى - اسم شخصى
الإسم الشخصى Chakrabortty, Aranya.
9 (RLIN) 49671
942 ## - عناصر المدخل الإضافي( كوها)
مصدر التصنيف او مخطط الترفيف Dewey Decimal Classification
Koha [default] item type كتاب
المقتنيات
حالة الفقد نموذج السعر الفعال حالة تلف ليس للاعارة رقم الطلب رقم النسخة تاريخ الاكتساب الموقع الحالي الباركود الفرع الرئيسي Date last seen نوع المادة فى نظام كوها مصدر التصنيف او خطة الترفيف Total Checkouts
  2015-07-28   Not For Loan 629.895 PCD 1 2015-07-28 المكتبة المركزية بالمجمعة (CL) 00215910 المكتبة المركزية بالمجمعة (CL) 2015-07-28 كتاب Dewey Decimal Classification  
  2015-07-28     629.895 PCD 2 2015-07-28 المكتبة المركزية بالمجمعة (CL) 00215911 المكتبة المركزية بالمجمعة (CL) 2015-07-28 كتاب Dewey Decimal Classification  
  2015-07-28     629.895 PCD 3 2015-07-28 المكتبة المركزية بالمجمعة (CL) 00215912 المكتبة المركزية بالمجمعة (CL) 2015-07-28 كتاب Dewey Decimal Classification